|
|
|
|
| LEADER |
00638cam a2200169 7i4500 |
| 001 |
0000030776 |
| 005 |
20190926090000.0 |
| 020 |
# |
# |
|a 9789834313760
|
| 090 |
0 |
0 |
|a B 923.2595
|b DAT (LRM)
|
| 245 |
0 |
0 |
|a Dato' Sri Mustapa Mohamed :
|b Minister of International Trade & Industry, 9 April 2009 - 8 April 2013.
|
| 260 |
0 |
0 |
|a Kuala Lumpur:
|b Minister of International Trade & Industry Malaysia,
|c 2013.
|
| 300 |
# |
# |
|a 142 p.
|
| 600 |
0 |
0 |
|a Mustapa Mohamed, Dato' Sri
|
| 650 |
0 |
0 |
|a Ministers --
|x Biography --
|z Malaysia
|
| 650 |
0 |
0 |
|a Politicians --
|x Biography --
|z Malaysia
|
| 651 |
0 |
0 |
|a Malaysia
|
| 999 |
|
|
|a 0000033606
|b Book
|c Malaysia
|e Business Information Centre
|